000 00413nam a2200169Ia 4500
003 LK-CoDNM
008 010623t xxu||||| |||| 00| 1 sin d
040 _aLK-CoDNM
_dLK-CoDNM
_eLK-CoDNM
041 _asin
080 _a104 I.13
100 _aShakespeare's
245 _aහැම දුම දුමද?
246 _aHama duuma duumada
260 _bDinakara
_aColombo
300 _b13p., 21 cm
942 _cBK
999 _c142381
_d142381